000 00984 a2200169 4500
003 Nust
005 20221201092438.0
040 _cNust
082 _a536,NOA
100 _a Noakes, G. R.
_941709
245 _aA text-book of heat /
_cG.R. Noakes ...
260 _aLondon,
_b Macmillan and co., limited
_c, 1945.
300 _avi, [2], 469 p. illus.,
_b diagrs. 20 cm.
505 _aChapter 1, Temperature (Page-1), Chapter 2, The Measurements of Heat (Page-29), Chapter 3, Expansion Solids and Liquids (Page-81),Chapter 4,The Expansion of Gases and Gas Laws (Page-122), Chapter 5, Vapours and Vapour Pressure (Page-178), Chapter 6, Heat and Work (Page-228), Chapter 7, Heat Engines: The Second Law of Thermodynamics (Page-277), Chapter 8, Liquefaction of Gases and Production and Measurement of Law Temperatures (Page-307), Chapter 9, Transfer and Heat (Page-327), Chapter 10, Heat Phenomena in the Atmosphere (Page-416).
650 _a heat,
_939745
942 _2ddc
_cBK
_k536,NOA
999 _c184009
_d184009